Kaivalya: (Record no. 213868)

MARC details
000 -LEADER
fixed length control field 00646nam a22001937a 4500
005 - DATE AND TIME OF LATEST TRANSACTION
control field 20251208121826.0
010 ## - LCCN (DPL NO)
LC control number ENG-147292
020 ## - INTERNATIONAL STANDARD BOOK NUMBER
Terms of availability 500.00
International Standard Book Number 9789351563273
035 ## - SYSTEM CONTROL NUMBER
System control number EN-130824
037 ## - SOURCE OF ACQUISITION
Source of stock number/acquisition DBAD
Stock number DPL
082 ## - DEWEY DECIMAL CLASSIFICATION NUMBER
Classification number 181.432
Edition number 1
100 ## - MAIN ENTRY--PERSONAL NAME
Personal name Thakore, Yashoda
245 ## - TITLE STATEMENT
Title Kaivalya:
Remainder of title Joy in Yoga & Dance/
Statement of responsibility, etc Yashoda Thakore
250 ## - EDITION STATEMENT
Edition statement 1
260 ## - PUBLICATION, DISTRIBUTION, ETC. (IMPRINT)
Name of publisher, distributor, etc Deccan Archaeological & Cultural Research Institute
Place of publication, distribution, etc Hyderabad
Date of publication, distribution, etc 2022
270 ## - ADDRESS
Address Plot No. 502, Padmavathi Residency Saleemnagar Colonu, Malakpet
City Hyderabad
Postal code 500036
300 ## - PHYSICAL DESCRIPTION
Extent 94p.
Dimensions 24cm(pb)
942 ## - ADDED ENTRY ELEMENTS (KOHA)
Source of classification or shelving scheme Dewey Decimal Classification
Item type English Books
Classification part 181.432
Call number suffix THA
Holdings
Withdrawn status Lost status Not for loan Collection code Home library Current library Date acquired Source of acquisition Cost, normal purchase price Full call number Barcode Copy number Cost, replacement price Koha item type
    Not For Loan Non-fiction D.B.Act.Division D.B.Act.Division 08/12/2025 Delivery of Books Act Division 500.00 181.432 THA EN-130824 1 500.00 English Books

© Delhi Public Library
Hit Counter
free hit counter